Statistieken voor Landen die starten met een M

Klik hier om de quiz te nemen!

Algemene statistieken

  • Deze quiz is 44 keer genomen
  • De gemiddelde score is 12 van 18

Antwoordstatistieken

Land% Correct
Mali
83%
Marokko
79%
Monaco
79%
Moldavië
76%
Montenegro
76%
Madagaskar
72%
Mauritanië
72%
Mauritius
72%
Mozambique
72%
Malawi
69%
Maleisië
69%
Malta
66%
Mongolië
66%
Micronesia
62%
Myanmar
59%
Maldiven
55%
Marshalleilanden
52%
Mexico
52%

Scoreverdeling

Percentiel versus Aantal Correcte Antwoorden

Procent van Mensen met Elke Score

Uw Scoregeschiedenis

U heeft deze quiz nog niet genomen